Quizzes
Events
Quiz Creation
Community
Videos
Private Events
Remove Ads
Sign In
Join for FREE
Feedback
Dark Mode
Quiz Categories
Sports
Geography
Music
Movies
Television
Just For Fun
Miscellaneous
History
Literature
Language
Science
Gaming
Entertainment
Religion
Holiday
For Kids
Quiz Lab
Recent
Popular Today
Quiz Kudos Today
Editor Picks
Curator Picks
Quizzes by...
Day
Popularity
Type
Ratings
Length
Year
Community
Subscriptions
Recent Discussions
Orange Saloon
Badges
Playlists
Quests
Create
Leaderboards
Showdown
Live 5
Trivia Bingo
Activity
Puzzle Library
Sporcle Events
Private Events
Virtual Trivia
Globe League
Become a Host
Pub Owners
SporcleCon
Opinionation
Our Games
Videos
Blog
Mobile Apps
Partnerships
Remove Ads and Go Orange
Feedback
Sports
Athletes
MLB
NBA
NHL
NFL
Soccer
Sports Teams
WWE
NCAA
Football
Premier League
Basketball
Baseball
Hockey
Golf
Tennis
Cricket
Rugby
Auto Racing
Olympics
World Cup
Sports
Athletes
MLB
NBA
NHL
NFL
Soccer
Sports Teams
WWE
NCAA
Football
Premier League
Basketball
Baseball
Hockey
Golf
Tennis
Cricket
Rugby
Auto Racing
Olympics
World Cup
Random Quiz
Search Sporcle
×
Quiz Lab
Quiz Lab
Sports
Pay
Type in answers that appear in a list
Type in answers that appear in a list
Classic
Best Score? Go Orange.
Victimes de THOMAS OGER !!!!!!!! Stats
Can you name the Victimes de THOMAS OGER a l'ATP !!!!!!!!?
By
BALLOU
20m
254 Questions
3 Plays
3 Plays
3 Plays
Comments
Comments
Give Quiz Kudos
Give Quiz Kudos
-
- Ratings
hide this ad
Replay
Link that replays current quiz
Next Quiz
Link to next quiz in quiz playlist
You Got
0%
They Got
Avg Score
12%
Avg Friend Score
Upgrade to see
Score Distribution
Jump to the score distribution portion of the page
Score
0/254
Timer
20:00
0
Plays Today
Pays
Nom du Joueur
% Correct
FRA
TOURTE X2
66.7%
FRA
Huu-Minh DINH !!!!!
66.7%
ITA
Marco SIMONI
33.3%
FRA
Baptiste BAYET
33.3%
MNE
Goran TOSIC
33.3%
CAN
Milos RAONIC
33.3%
UZB
Murad INOYATOV
33.3%
IRL
Barry KING
33.3%
FRA
Dorian DESCLOIX X2
33.3%
FRA
Constant LESTIENNE
33.3%
CIV
JK LOGLO
33.3%
FRA
Olivier CHARROIN
33.3%
FRA
JANKOVITS
33.3%
FRA
DE BONNEVIE X2
33.3%
COL
RODRIGUEZ-SANCHEZ X2
33.3%
DEN
PEDERSEN
33.3%
EST
ZOPP
33.3%
CRO
CEROVIC
33.3%
FRA
RODRIGUES
33.3%
USA
DEHEART
33.3%
FRA
BELOT
33.3%
UZB
SAKHAROV
33.3%
RUS
MATSUKEVITCH
33.3%
AUT
HAIDER-MAURER
33.3%
FRA
PUGET X2
33.3%
ALL
CLEMENS
33.3%
CHI
XU
33.3%
BEL
DESEIN
33.3%
GBR
RICE
33.3%
USA
LA PORTE
33.3%
AUS
JONES
33.3%
AUS
GROTH X2
33.3%
JAP
SUZUKI X2
33.3%
CZE
POSPISIL
33.3%
GBR
BAMFORD X2
33.3%
FRA
QUINQUENEAU
33.3%
FRA
DUPUY X2
33.3%
BEL
WAUTERS X2
33.3%
GBR
SLABINSKY
33.3%
FRA
BLANDIN
33.3%
FRA
AUDOUY X2
33.3%
FRA
JEANPIERRE X2
33.3%
FRA
GRAMMARE
33.3%
AFS
WOLMARANS
33.3%
ALL
BACHINGER X2
33.3%
FRA
CHARDY
33.3%
MDA
BORVANOV
33.3%
BRA
TORRES
33.3%
UZB
ISTOMIN
33.3%
AUS
COELHO X3
33.3%
FRA
JOUAN X2
33.3%
UKR
BUBKA
33.3%
GBR
ILLINGWORTH X2
33.3%
HOL
HEMMES
33.3%
ITA
CRUGNOLA
33.3%
IND
SHARAN
33.3%
AUS
FEENEY
33.3%
AUS
JONES
33.3%
IND
RAJA
33.3%
CZE
SNOBEL
33.3%
HOL
HUTA GALUNG
33.3%
PAK
QURESHI
33.3%
FRA
Adrian MANNARINO X3
33.3%
ITA
VICO
33.3%
SVK
CAPKOVIC X2
33.3%
ALG
SAOUDI
33.3%
FRA
SIDORENKO
33.3%
UKR
STAKHOVSKY
33.3%
FRA
MONTCOURT
33.3%
FRA
STEGER
33.3%
CIV
SANON
33.3%
FRA
JEANCLAUDE
33.3%
AUT
OSWALD
33.3%
GBR
FLEMING X2
33.3%
SWE
ELESKOVIC X2
33.3%
FRA
YSERN
33.3%
FRA
BOTTERO
33.3%
LAT
JUSKA
33.3%
FRA
GUEZ
33.3%
ALL
BRANDS
33.3%
CZE
ROSOL
33.3%
CZE
HASEK
33.3%
FRA
DOBLE
33.3%
NED
OP DER HEIJDE
33.3%
LUX
KREMER
33.3%
Pays
Nom du Joueur
% Correct
ARG
GOMEZ
33.3%
FRA
SIMON
33.3%
CRO
PERIC X2
33.3%
FRA
BETENCOURT
33.3%
FRA
Yann DUPUY
33.3%
FRA
DEVILDER X2
33.3%
FRA
FOUCHER
33.3%
ARG
Gustavo GOMEZ
33.3%
ISR
DERI
33.3%
FRA
VATIN
33.3%
BEL
NEEFS
33.3%
SUI
Fede VALSANGIACOMO
0%
ITA
Etorre CAPELLO
0%
ALL
Gero KRETSCHMER
0%
SUI
Momo FETOV
0%
BLR
Dmitri ZHYRMONT
0%
ESP
OJEDA LARA
0%
RUS
KOVALEV
0%
ESP
MENENDEZ
0%
IRL
O'BRIEN
0%
AUS
HENSEL
0%
FRA
BURQUIER
0%
SWE
NORFELDT
0%
ALL
DEDEN
0%
FRA
RENAVAND
0%
BRA
GOMES
0%
USA
KUZNETSOV
0%
USA
VANT HOF
0%
MAR
CHAKI
0%
MAD
LOFO RAMIARAMANAN
0%
ITA
CREPALDI
0%
ITA
NALDI
0%
IND
MANKAD
0%
FRA
REIX
0%
SUI
SCHERRER
0%
FRA
METENIER
0%
GBR
KASIRI
0%
GBR
ALLINSON
0%
IRL
NILAND X2
0%
UAE
AWADHY
0%
SWE
ERIKSSON
0%
KSA
AL SAAD
0%
CRO
ZOVKO
0%
ALL
RIESCHICK
0%
USA
CZERWINSKI
0%
GBR
IRWIN
0%
GBR
FLANAGAN
0%
CRO
SIMIC
0%
SWE
RYDERSTEDT
0%
GBR
RUSHBI
0%
GBR
MILTON
0%
RUS
Artem SITAK
0%
FRA
COCO
0%
ITA
FANUCCI
0%
BIH
GORCIC
0%
AUT
SANDBICHLER
0%
GBR
AUCKLAND
0%
AUT
STEINBERGER
0%
GBR
SKUPSKI
0%
GBR
DICKSON
0%
IRL
NUGENT X2
0%
ISL
SIGURDSSON
0%
GBR
LOTT
0%
ITA
GHEDIN
0%
ISR
HADASH
0%
CRO
JELENIC
0%
ROU
NICODIM
0%
ROU
PALAS
0%
ROU
MIHAI
0%
BRA
DUTRA DA SILVA
0%
MAR
ROUDAMI
0%
FRA
JANNEL
0%
FRA
THIVOLLE X2
0%
RUS
KRAVCHUK
0%
RUS
KRASNORUTSKIY
0%
POL
STEC
0%
ITA
MARRAI
0%
ALL
GOJOWCZYK
0%
ALG
CHALA X2
0%
SUI
EICHENBERGER
0%
SER
POPOVIC
0%
HOL
VAN DER DUIM
0%
FRA
VILLENEUVE
0%
BUL
KUTROVSKY
0%
FRA
REBUFFE
0%
Pays
Nom du Joueur
% Correct
FRA
HILAIRE
0%
ALL
BAYER
0%
ESP
CONDE-JACKSON X2
0%
ITA
PEDRINI
0%
ESP
BALLESTA-COLL
0%
AUT
WALDNER
0%
FRA
MATHIEU
0%
ALL
GROH
0%
ROU
BARBU X2
0%
ROU
MOLDOVAN
0%
SWE
HARTMAN X2
0%
SUI
CHIUDINELLI
0%
SER
OBRADOVIC
0%
FRA
GIRAULT X2
0%
FRA
ROUSSEAUX
0%
CZE
DLOUHY
0%
RUS
IVANOV
0%
CHI
CAPDEVILLE
0%
ESP
ARUMI-ROMEU
0%
ROU
Radu BARBU
0%
ISR
DEKEL
0%
ISR
WELGREEN X2
0%
ALL
KOCH
0%
ISR
ZIRKIN
0%
ISR
PELED
0%
RUS
SERGEEV
0%
ISR
VOLKOVITZKY X2
0%
FRA
TADAULT
0%
FRA
BREMOND
0%
ESP
MARRERO
0%
ALL
GRUNES
0%
DEN
WARMING
0%
FRA
MEYER
0%
FRA
RAMOS
0%
JAP
IWABUCHI
0%
JAP
CHAEN
0%
JAP
MOTOMURA
0%
BEL
CASSIERS
0%
GER
MALAJKO
0%
AUT
MIRNEGG
0%
ISR
MAARAVI
0%
ISR
SADOVNIK
0%
USA
MARSHALL
0%
ISR
DOOYEV
0%
CZE
FOLBER
0%
ISR
COHEN
0%
RUS
SYROV X2
0%
JAP
ITOH
0%
FRA
HUET
0%
FRA
LE CLOEREC
0%
FRA
BERENGUER
0%
FRA
COULY
0%
ESP
MARTIN-ARROYO
0%
ITA
AGAZZI
0%
ROU
TANASE
0%
POR
LEAO
0%
POR
TAVARES
0%
AZE
AGAEV
0%
AUS
ROSS X2
0%
ESP
SANTO
0%
CHI
HORMAZABAL
0%
ITA
PIZZATO
0%
AUS
DEWHURST
0%
TUR
TUKEL
0%
FRA
VANDEWIELE
0%
ALG
HARED
0%
SWE
HELLSTROM
0%
RUS
KROTIOUK
0%
GBR
LISTER
0%
AUS
YEATS
0%
ALL
FLEISCHFRESSER
0%
GBR
THERANI
0%
SVK
BECK
0%
FRA
BOURREC
0%
FRA
LORIN
0%
GBR
SMITH
0%
FRA
QUINAULT
0%
FRA
PAGES
0%
FRA
CORDOBES
0%
ALL
TATTERMUSCH
0%
CZE
STEPANEK
0%
FRA
Patrick MOURATOGLOU
0%
RUS
MISHIN
0%
BEL
TINCK
0%
Quiz Playlist
Details
Report
Send in Message
Add To Playlist
Classic:
Type in answers that appear in a list
Last Updated: Feb 16, 2017
Quiz Scoreboard
CHALLENGE
Sign Up to Join the Scoreboard
Show All
Scores
Hide
Comments
May contain spoilers
Recently Published
College Basketball Coaching Resumes
by pancakes188
Sports
9m
Billboard Blitz: Fleetwood Mac
by CooCooCachoo
Music
15s
Presidents Visiting Landmarks
by Hejman
History
7m
More to Explore
Quiz From the Vault
Featured Blog Post
Where Did the Easter Bunny Come From?
hide this ad
You Might Also Like...
Tags
nom
Pay
thomas
Victim
Today's Top Quizzes in Sports
Browse Sports
hide this ad
Today's Top Quizzes in Pay
Browse Pay
Top Contributed Quizzes in Sports
1
2022 World Cup Stars
2
Les meilleurs buteurs des matchs entre le PSG et l’OM
3
FIFA Club World Cup Champions
4
Les entraîneurs de l'OM et du PSG au 21e siècle
5
Criteria MLB: Left Handed Sluggers
6
AFC Teams Reveal (Wrong Answers Minefield)
7
2023 MLB Unique Player Accomplishments
8
Players with Multiple 50 Home Run Seasons
9
5-to-1: FBS Animal Nicknames
10
5-to-1: UK Sports Teams
Explore More
Trending Topics
Harry Potter
Marvel
Anime
Disney
NBA
Crossword
Kpop
Puzzle
Country
Soccer
Pokémon
WWE
Song
NFL
The Office
hide this ad
More By:
BALLOU
Quiz
Plays
Rating
Category
Featured
Created
FRENCH LIGUE 1 2012 PLAYERS
363
4.75
Sports
May 4, 2012
TOP 100 Tennis Players First Name....As 18 July 2011
237
Sports
Jul 18, 2011
FRENCH PLAYERS IN ATP TOP 100
229
5.00
Sports
Jul 6, 2011
French tennis ATP calendar 2011.
49
Sports
Jun 21, 2011
Davis Cup Monaco Players...
20
Sports
Jun 4, 2011
Go to Creator's Profile
Score Distribution
Quiz Creator Spotlight
BALLOU
Follow
Send a Message
Quizzes Created
-
Created Quiz Play Count
-
More By This Creator
Popular Quizzes Today
1
Find the US States - No Outlines Minefield
2
Find the Countries of Europe - No Outlines Minefield
3
The Countries of the World
4
Find the US States
5
Risky Map Clicking: Biggest States A-Z
6
US States
7
Popular People in 1961
8
Movies - When Are They Set?
More Sports Quizzes
Invisible Big 4 Locations
Published
Trending Quizzes
Risky Map Clicking: Least Populous States A-Z
1-10 Letter G Words
1-10 Letter F Words
Risky Map Clicking: Next State Alphabetically
Risky Map Clicking: Biggest States A-Z
Recently Updated
Leaping Animals
pecheneg
Reality TV Shows (A-Z)
bhenderson79
Rickey Henderson's Hall of Fame Teammates
pecheneg
Champions League XIs: Arsenal
pecheneg
Quick Pick: Celebrities in WWE's Hall of Fame
aduchscher
A-Z Keypad Blitz II
pecheneg
Multiple Oscar Actors
pecheneg
Mystery Phrase Blitz: Oscar 'Best Actors'
pecheneg
F. Scott Fitzgerald Novels
LTH
Pick 3 Villains
ddd62291
Trending Topics
Disney
Crossword
Marvel
Kpop
Anime
NBA
Harry Potter
Country
Song
WWE
Pokémon
The Office
Soccer
NFL
Puzzle
Your Account Isn't Verified!
In order to create a playlist on Sporcle, you need to verify the email address you used during registration. Go to your
Sporcle Settings
to finish the process.
Report this User
Report this user for behavior that violates our
Community Guidelines
.
Details:
Send Report
Go to the Sporcle.com Mobile Site →
Comments